| 000 | 00649nam a2200253Ia 4500 | ||
|---|---|---|---|
| 008 | 160216s9999 xx 000 0 und d | ||
| 020 | _a0-7487-7119-0 | ||
| 050 | _aREF RA 393 | ||
| 050 | _b.T39 2003 | ||
| 100 | _aTaylor, Jayne | ||
| 245 | _aStudy skills in health care / | ||
| 245 | _cJayne Taylor. | ||
| 260 | _aUnited Kingdon : | ||
| 260 | _bNelson Thomes Ltd. | ||
| 260 | _c2003 | ||
| 300 | _a132 pages : | ||
| 300 | _bill. ; | ||
| 300 | _c25 cm. | ||
| 440 | _aFoundations in nursing and health care. | ||
| 500 | _aIncludes index. | ||
| 650 | _aMedical care -- | ||
| 650 | _aStudy skills. | ||
| 650 | _xStudy and teaching. | ||
| 999 |
_c290874 _d290874 |
||